Holiday at the beach

Bibliographic Details
Main Author: Salwa G
Format: Book
Published: Kuala Lumpur : Pustaka Buana , 2003
Series:Taman Jelutong siblings series
Subjects:

MARC

LEADER 00000cam a2200000 7i4500
001 0000080831
005 20180925.0
008 180925
020 |a 9832642035 
090 0 0 |a JF   |b ENG 
100 0 |a Salwa G 
245 1 0 |a Holiday at the beach   |c Salwa G 
260 |a Kuala Lumpur :   |b Pustaka Buana ,   |c 2003 
440 |a Taman Jelutong siblings series 
500 |a Children ages 7-9 years old (orange) 
650 0 |a Junior Fiction 
999 |a 0000002972   |b Book   |c Children Collection   |e Cawangan Taman Universiti 
999 |a 0000002973   |b Book   |c Children Collection   |e Cawangan Taman Universiti 
999 |a 0000002974   |b Book   |c Children Collection   |e Cawangan Taman Universiti 
999 |a 0000002975   |b Book   |c Children Collection   |e Cawangan Taman Universiti